[Event "Samara Polugaevsky Memorial 2nd"]
[Site "Samara"]
[Date "2012.07.12"]
[Round "8"]
[White "Chekletsov, Egor"]
[Black "Kiryushova, Dariya"]
[Result "1/2-1/2"]
[WhiteElo "1917"]
[BlackElo "1617"]
[PlyCount "81"]
[EventDate "2012.07.05"]
[EventType "swiss"]
[EventRounds "9"]
[EventCountry "RUS"]
[SourceTitle "CBM 149 Extra"]
[Source "ChessBase"]
[SourceDate "2012.08.24"]
[SourceVersion "1"]
[SourceVersionDate "2012.08.24"]
[SourceQuality "1"]

1. d4 d5 2. Nf3 Nf6 3. Bg5 e6 4. c3 Be7 5. Nbd2 h6 6. Bf4 Nbd7 7. e3 0-0 8. Bd3 c5 9. h3 c4 10. Bc2 b5 11. g4 Bb7 12. Ne5 Ne4 13. Nxd7 Qxd7 14. Nxe4 dxe4 15. Rg1 Qd8 16. Qe2 Bg5 17. 0-0-0 Bd5 18. Bg3 Bh4 19. Bf4 Bg5 20. Bxg5 Qxg5 21. Rh1 a5 22. h4 Qg6 23. Rdg1 b4 24. f4 exf3 25. Qf2 Qf6 26. g5 Qe7 27. gxh6 g6 28. h5 bxc3 29. hxg6 cxb2+ 30. Kb1 fxg6 31. Rxg6+ Kh8 32. Rg7 Rf7 33. Rhg1 c3 34. Rxf7 Qxf7 35. Rg7 Qf6 36. Rh7+ Kg8 37. Qg3+ Kf8 38. Qd6+ Kg8 39. Qb6 Kf8 40. Qd6+ Kg8 41. Qg3+ 1/2-1/2

[Event "Samara Polugaevsky Memorial 2nd"]
[Site "Samara"]
[Date "2012.07.10"]
[Round "6"]
[White "Velichko, Artemy"]
[Black "Kiryushova, Dariya"]
[Result "1-0"]
[WhiteElo "1761"]
[BlackElo "1617"]
[PlyCount "89"]
[EventDate "2012.07.05"]
[EventType "swiss"]
[EventRounds "9"]
[EventCountry "RUS"]
[SourceTitle "CBM 149 Extra"]
[Source "ChessBase"]
[SourceDate "2012.08.24"]
[SourceVersion "1"]
[SourceVersionDate "2012.08.24"]
[SourceQuality "1"]

1. d4 d5 2. c4 e6 3. Nc3 Nf6 4. cxd5 exd5 5. Bg5 Nbd7 6. e3 Be7 7. Bd3 c6 8. Nge2 0-0 9. 0-0 Re8 10. Rb1 Nf8 11. b4 h6 12. Bh4 Ng6 13. Bg3 Bd6 14. Qc2 Ne7 15. b5 a6 16. bxa6 bxa6 17. Na4 Bxg3 18. Nxg3 Qc7 19. Rfc1 a5 20. Nf5 Bxf5 21. Bxf5 Nxf5 22. Qxf5 Re6 23. Nc5 Ree8 24. Rb7 Qc8 25. Qxc8 Raxc8 26. Nd3 Ne4 27. Ra7 Nd6 28. Rxa5 Nc4 29. Ra6 Ra8 30. Rxc6 Rxa2 31. Nb4 Ra5 32. Nxd5 Ne5 33. R6c5 Rxc5 34. Rxc5 Ra8 35. Ne7+ Kf8 36. Rc8+ Rxc8 37. Nxc8 Nc6 38. Nd6 Ke7 39. Nc4 Nd8 40. Kf1 Ke6 41. Ke2 Kd5 42. Kd3 f5 43. f3 Ne6 44. e4+ fxe4+ 45. fxe4+ 1-0

[Event "Samara Polugaevsky Memorial 2nd"]
[Site "Samara"]
[Date "2012.07.07"]
[Round "3"]
[White "Strunin, Anton"]
[Black "Kiryushova, Dariya"]
[Result "1-0"]
[WhiteElo "1889"]
[BlackElo "1617"]
[PlyCount "35"]
[EventDate "2012.07.05"]
[EventType "swiss"]
[EventRounds "9"]
[EventCountry "RUS"]
[SourceTitle "CBM 149 Extra"]
[Source "ChessBase"]
[SourceDate "2012.08.24"]
[SourceVersion "1"]
[SourceVersionDate "2012.08.24"]
[SourceQuality "1"]

1. d4 d5 2. Bf4 Nf6 3. e3 e6 4. Nf3 c5 5. c3 cxd4 6. exd4 Bd6 7. Bg5 0-0 8. Bd3 h6 9. Bh4 Nbd7 10. Nbd2 a6 11. a4 b6 12. 0-0 Bb7 13. Re1 Qc7 14. Qe2 Rfe8 15. Ne5 Be7 16. Nxf7 Kxf7 17. Qxe6+ Kf8 18. Bg6 1-0

[Event "Samara Polugaevsky Memorial 2nd"]
[Site "Samara"]
[Date "2012.07.05"]
[Round "1"]
[White "Kiryushova, Dariya"]
[Black "Zhurikhin, Alexander"]
[Result "0-1"]
[WhiteElo "1617"]
[BlackElo "2240"]
[PlyCount "92"]
[EventDate "2012.07.05"]
[EventType "swiss"]
[EventRounds "9"]
[EventCountry "RUS"]
[SourceTitle "CBM 149 Extra"]
[Source "ChessBase"]
[SourceDate "2012.08.24"]
[SourceVersion "1"]
[SourceVersionDate "2012.08.24"]
[SourceQuality "1"]

1. e4 e5 2. Nf3 Nc6 3. d4 exd4 4. Nxd4 Nf6 5. Nxc6 bxc6 6. Bd3 d5 7. exd5 cxd5 8. 0-0 Be7 9. c4 0-0 10. cxd5 Nxd5 11. Bc4 Be6 12. Bxd5 Bxd5 13. Nc3 Bc4 14. Qxd8 Rfxd8 15. Re1 Bf6 16. Bf4 Rdb8 17. Bxc7 Rxb2 18. Be5 Bxe5 19. Rxe5 Rd8 20. a3 g6 21. Nd1 Ra2 22. Rc1 Rxa3 23. h3 Be6 24. Ne3 Ra2 25. Rc2 Rxc2 26. Nxc2 Rd1+ 27. Re1 Rxe1+ 28. Nxe1 Bb3 29. Nd3 a5 30. Nb2 a4 31. Nxa4 Bxa4 32. g4 g5 33. Kg2 Kg7 34. Kg3 h6 35. f4 f6 36. h4 Bc6 37. hxg5 hxg5 38. fxg5 fxg5 39. Kf2 Kf6 40. Ke3 Ke5 41. Kf2 Kf4 42. Kg1 Kxg4 43. Kh2 Kf3 44. Kh3 g4+ 45. Kh2 g3+ 46. Kh1 Kf2# 0-1

[Event "PriFR-ch (Women) 10th"]
[Site "Perm"]
[Date "2011.01.08"]
[Round "8"]
[White "Devyatkina, Rimma"]
[Black "Kiryushova, Dariya"]
[Result "1/2-1/2"]
[WhiteElo "1801"]
[BlackElo "1704"]
[PlyCount "75"]
[EventDate "2011.01.04"]
[EventType "swiss"]
[EventRounds "9"]
[EventCountry "RUS"]
[SourceTitle "EXT 2022"]
[Source "ChessBase"]
[SourceDate "2021.10.06"]
[SourceVersion "1"]
[SourceVersionDate "2021.10.06"]
[SourceQuality "1"]

1. e4 c5 2. Nf3 d6 3. d4 cxd4 4. Nxd4 Nf6 5. Bd3 Nc6 6. Be3 Ne5 7. 0-0 Nxd3 8. cxd3 e6 9. Nc3 d5 10. Rc1 a6 11. a3 e5 12. Nf3 d4 13. Nxd4 exd4 14. Qa4+ b5 15. Qxd4 Qxd4 16. Bxd4 Be7 17. e5 Nd7 18. Nd5 Bd8 19. Nc7+ Bxc7 20. Rxc7 0-0 21. Rfc1 Re8 22. f4 Nf8 23. Be3 Bf5 24. d4 Red8 25. Rd1 Ne6 26. Rc3 Rd5 27. h3 h5 28. Kf2 Rad8 29. Rc6 Nxd4 30. Rxa6 Nc2 31. Rxd5 Rxd5 32. Bc1 Rd1 33. Be3 Nxe3 34. Kxe3 Rb1 35. b4 Rb3+ 36. Kd4 Rd3+ 37. Kc5 Rc3+ 38. Kd4 1/2-1/2

[Event "PriFR-ch (Women) 10th"]
[Site "Perm"]
[Date "2011.01.06"]
[Round "4"]
[White "Batrak, Alexandra"]
[Black "Kiryushova, Dariya"]
[Result "1-0"]
[WhiteElo "1913"]
[BlackElo "1704"]
[PlyCount "95"]
[EventDate "2011.01.04"]
[EventType "swiss"]
[EventRounds "9"]
[EventCountry "RUS"]
[SourceTitle "EXT 2022"]
[Source "ChessBase"]
[SourceDate "2021.10.06"]
[SourceVersion "1"]
[SourceVersionDate "2021.10.06"]
[SourceQuality "1"]

1. Nf3 d5 2. g3 Nf6 3. Bg2 g6 4. 0-0 Bg7 5. d4 0-0 6. Nbd2 Bf5 7. c4 e6 8. Nh4 c6 9. cxd5 cxd5 10. Nxf5 gxf5 11. Nb3 Nc6 12. Bg5 Rc8 13. Rc1 h6 14. Bf4 Qb6 15. Qd2 Kh7 16. Bd6 Rfe8 17. Bc5 Qa6 18. a3 b6 19. Bd6 Qa4 20. Rc3 Red8 21. Be5 Nxe5 22. dxe5 Nd7 23. f4 Nc5 24. Nxc5 bxc5 25. Rfc1 Bf8 26. Qc2 Qxc2 27. R3xc2 Rb8 28. Rd2 Rb3 29. e4 fxe4 30. Bxe4+ Kg7 31. Bg2 Rdb8 32. Rcc2 c4 33. f5 Bc5+ 34. Kf1 Be3 35. Re2 Bd4 36. fxe6 fxe6 37. Bh3 Kf7 38. Rcd2 Bxb2 39. Rf2+ Ke7 40. Rf6 R8b6 41. Rxh6 Rxa3 42. Rf2 Ra1+ 43. Kg2 c3 44. Rh7+ Ke8 45. Bg4 Ba3 46. Bh5+ Kd8 47. Rff7 Be7 48. Rxe7 1-0

[Event "PriFR-ch (Women) 10th"]
[Site "Perm"]
[Date "2011.01.05"]
[Round "2"]
[White "Tupitsina, Evgenia"]
[Black "Kiryushova, Dariya"]
[Result "1-0"]
[WhiteElo "1939"]
[BlackElo "1704"]
[PlyCount "69"]
[EventDate "2011.01.04"]
[EventType "swiss"]
[EventRounds "9"]
[EventCountry "RUS"]
[SourceTitle "EXT 2022"]
[Source "ChessBase"]
[SourceDate "2021.10.06"]
[SourceVersion "1"]
[SourceVersionDate "2021.10.06"]
[SourceQuality "1"]

1. d4 d5 2. c4 e6 3. Nc3 c6 4. Nf3 Nf6 5. e3 Bb4 6. Bd2 Bxc3 7. Bxc3 Ne4 8. Bd3 Nxc3 9. bxc3 dxc4 10. Bxc4 Qa5 11. Qb3 0-0 12. 0-0 Nd7 13. Nd2 e5 14. Ne4 Nb6 15. Nd6 Nd5 16. Bxd5 Qxd5 17. Qxd5 cxd5 18. dxe5 b6 19. Rfd1 Be6 20. f4 f5 21. a4 Rfd8 22. a5 bxa5 23. Rxa5 Rd7 24. Rb1 Rc7 25. Ra3 Kf8 26. Kf2 Ke7 27. Ke2 h6 28. h4 Bd7 29. Kd2 Ke6 30. Ra6 Bc6 31. Nb5 Rcc8 32. Nd4+ Kd7 33. Nxf5 d4 34. Nxd4 Bxg2 35. Rg1 1-0